Αγγλική Δακτυλογραφία / Με Γραφομηχανή και Ηλεκτρονικό Υπολογιστή (Record no. 2173)
[ view plain ]
| 000 -LEADER | |
|---|---|
| fixed length control field | 01503cam a22001814a 4500 |
| 005 - ΗΜΕΡΟΜΗΝΙΑ ΚΑΙ ΩΡΑ ΤΕΛΕΥΤΑΙΑΣ ΕΝΗΜΕΡΩΣΗΣ | |
| Πεδίο ελέγχου | 20250605164033.0 |
| 008 - FIXED-LENGTH DATA ELEMENTS--GENERAL INFORMATION | |
| Πεδίο ελέγχου σταθερού μήκους | 250528s ||||||||||||||||||||||||d |
| 035 ## - SYSTEM CONTROL NUMBER | |
| System control number | 16698 |
| 040 ## - ΠΗΓΗ ΚΑΤΑΛΟΓΟΓΡΑΦΗΣΗΣ | |
| Φορέας πρωτότυπης καταλογογράφησης | MC Athens Campus Library |
| Γλώσσα καταλογογράφησης | Ελληνικά, Μοντέρνα (1453-) |
| Modifying agency | MC Athens Campus Library |
| Κανόνες περιγραφικής καταλογογράφησης | AACR2 |
| 245 1# - ΤΙΤΛΟΣ ΚΑΙ ΔΗΛΩΣΗ ΥΠΕΥΘΥΝΟΤΗΤΑΣ | |
| Τίτλος | Αγγλική Δακτυλογραφία / Με Γραφομηχανή και Ηλεκτρονικό Υπολογιστή |
| 260 ## - PUBLICATION, DISTRIBUTION, ETC. | |
| Name of publisher, distributor, etc. | Σύγχρονη Εκδοτική, |
| Date of publication, distribution, etc. | 1995 |
| 300 ## - PHYSICAL DESCRIPTION | |
| Extent | 246 |
| 520 ## - SUMMARY, ETC. | |
| Summary, etc. | Πρόλογος, Εισαγωγή, Προεισαγωγικές Γνώσεις του Τυφλού Συστήματος, Λειτουργία και Εξαρτήματα Γραφομηχανών, Οι Γνώσεις του Χειριστή για τον Υπολογιστή και τα Προγράμματα Επεξεργασίας Κειμένου, Οι Απαιτήσεις για Εύκολη Εκμάθηση του Πληκτρολογίου, Εκτυπώσεις για Εύκολη Εκμάθηση του Πληκτρολογίου, Απομνημόνευση Πληκτρολογίου, Ασκήσεις Απομνημόνευσης Γραμματικού Πληκτρολογίου, Αριθμητικό Πληκτρολόγιο, Η Σωστή Δακτυλογράφηση, Η Τεχνική της Παρουσίασης της Εμπορικής Επιστολής, Μέτρηση Επίδοσης - Ταχύτητας. |
| 700 1# - ΠΡΟΣΘΕΤΗ ΑΝΑΓΡΑΦΗ--ΦΥΣΙΚΟ ΠΡΟΣΩΠΟ | |
| Personal name | Μαυρομανωλάκης Μιχάλης |
| 9 (RLIN) | 2789 |
| 942 ## - ADDED ENTRY ELEMENTS (KOHA) | |
| Koha item type | Books |
| Τύπος τεκμηρίου | Βιβλιοθήκη | Τρέχουσα τοποθεσία | Barcode | Αριθμός εισαγωγής | Ημερομηνία απόκτησης | Ταξιθετικό σύμβολο | Αριθμός αντιτύπου | Κατάσταση απόσυρσης | Κατάσταση χαμένου | Κατάσταση κατεστραμμένου | Μη δανεισμός | Σύνολο δανεισμών | Ημερομηνία τελευταίας εμφάνισης | Η τιμή ισχύει από |
|---|---|---|---|---|---|---|---|---|---|---|---|---|---|---|
| Books | MC Athens Campus Library | MC Athens Campus Library | 9780000021724 | 4905 | 05/06/2025 | 652.3 MAV | 1 | 05/06/2025 | 05/06/2025 |